| 000 | 00624nam a2200229Ia 4500 | ||
|---|---|---|---|
| 003 | OSt | ||
| 005 | 20220926044346.0 | ||
| 006 | a|||||r|||| 00| 0 | ||
| 007 | ta | ||
| 008 | 220923b |||||||| |||| 00| 0 eng d | ||
| 037 | _cGeneral Book | ||
| 040 |
_aRTL _cRTL _beng |
||
| 041 |
_2eng _aeng |
||
| 082 | _aV1N48:2, J6 | ||
| 110 |
_aIndian Council of World Affairs _998998 |
||
| 245 | 0 |
_aRevsion of the United Nations charter _bA symposium |
|
| 260 | _c1956 | ||
| 650 | _aHistory | ||
| 700 |
_aIndian Council of World Affairs _998999 |
||
| 942 |
_hV1N48:2, J6 _cGB _2CC |
||
| 999 |
_c674643 _d674643 |
||